بيد ی کے منتخب ا فسا نو ں کاتجز يا تی مطا لعہ (مع ا سلو ب ا و ر ز با ن) (Record no. 169756)

MARC details
000 -LEADER
fixed length control field 00836nam a22001937a 4500
005 - DATE AND TIME OF LATEST TRANSACTION
control field 20191202145630.0
010 ## - LCCN (DPL NO)
LC control number UR-10647
020 ## - INTERNATIONAL STANDARD BOOK NUMBER
Terms of availability 250.00
International Standard Book Number 9789388736947
035 ## - SYSTEM CONTROL NUMBER
System control number U-9202
037 ## - SOURCE OF ACQUISITION
Source of stock number/acquisition DBAD/PUB
Stock number -
082 ## - DEWEY DECIMAL CLASSIFICATION NUMBER
Classification number 843.4
100 ## - MAIN ENTRY--PERSONAL NAME
Personal name تر تيب و تد و ين : پر و يز شہر يا ر
245 ## - TITLE STATEMENT
Title بيد ی کے منتخب ا فسا نو ں کاتجز يا تی مطا لعہ (مع ا سلو ب ا و ر ز با ن)
Statement of responsibility, etc تر تيب و تد و ين : پر و يز شہر يا ر
246 ## - VARYING FORM OF TITLE
Remainder of title Bedi Ke Muntakhab Afsano Ka Tajaziyati Mutaleyah (Urdu)
Title proper/short title by Dr.Parvez Shaharyar
260 ## - PUBLICATION, DISTRIBUTION, ETC. (IMPRINT)
Place of publication, distribution, etc Delhi
Name of publisher, distributor, etc Educational Publishing House
Date of publication, distribution, etc 2019 ء
270 ## - ADDRESS
Address 3191,Vakil Street, Kucha Pandit,Lal Kuan,
City Delhi
Postal code 110006
Telephone number 01123216162
Fax number -
300 ## - PHYSICAL DESCRIPTION
Extent 203ص
Dimensions 22 Cm(Hb)
942 ## - ADDED ENTRY ELEMENTS (KOHA)
Source of classification or shelving scheme Dewey Decimal Classification
Item type Urdu Bks
Classification part 843.4
Call number suffix پ ر و
Holdings
Withdrawn status Lost status Not for loan Collection code Home library Current library Date acquired Source of acquisition Cost, normal purchase price Full call number Barcode Copy number Cost, replacement price Koha item type
    Not For Loan Non-fiction D.B.Act.Division D.B.Act.Division 02/12/2019 DBAD/PUB 250.00 843.4 پ ر و U-9202 1 250.00 Urdu Bks

© Delhi Public Library
Hit Counter
free hit counter